000 00572nam a22002057a 4500
003 BUBTL
008 180804b xxu||||| |||| 00| 0 eng d
020 _a978-0414022720
082 _a346.06DAP
100 _91975
_aDavies, Paul L.
245 _aPrinciples of Modern Company Law /
_cPaul L. Davies
250 _a9th ed.
260 _aLondon :
_bSweet and Maxwell,
_cc2012.
300 _acxiv, 1343 p. :
_c24 cm.
650 0 _926
_aLaw
700 _91976
_aWorthington,Sarah
856 _k0
_l0
_yDownload
942 _2ddc
_cBK
999 _c5771
_d5771